Pendu - Films - Aléatoire - Statistiques

Statistiques générales
  • Ce quiz a été pris 126 fois
  • Le résultat moyen est 4 sur 7
Statistiques - réponses
Lettre % Correct
A
100%
A
100%
A
100%
A
100%
A
100%
A
100%
A
100%
A
100%
A
100%
D
100%
É
100%
E
100%
E
100%
G
100%
I
100%
I
100%
M
100%
N
100%
O
100%
P
100%
R
100%
S
100%
U
100%
E
88%
N
83%
N
83%
O
83%
A
80%
A
80%
A
80%
I
80%
I
80%
O
80%
O
80%
R
80%
R
80%
T
80%
I
75%
O
75%
O
75%
I
71%
I
71%
E
67%
M
67%
R
67%
S
67%
S
67%
I
60%
N
60%
N
60%
P
60%
G
50%
M
50%
N
50%
S
50%
U
50%
S
43%
L
40%
N
40%
O
40%
T
40%
D
33%
D
33%
G
33%
U
33%
M
20%
M
20%
M
20%
N
20%
P
20%
T
20%
T
20%
U
20%
N
14%
N
14%
C
0%
G
0%
H
0%
I
0%
J
0%
J
0%
N
0%
N
0%
Q
0%
Aucun quiz correspondant
Distribution des résultats
% des personnes avec chaque résultat
Percentile par nombre de réponses
Votre historique - résultats
Vous n’avez pas pris ce quiz